000 01103nam a22002897a 4500
005 20120517104535.0
008 120517t xxu||||| |||| 00| 0 eng d
010 _aENG-105297
020 _a9788124606100
_c695.00
020 _a8124606102
_c695.00
035 _aEN-88830
037 _bDBAD/PUB
040 _aDPL
_bEng
082 _a220.21
100 _aRamamurty, A.
_947159
_d1935-
_q(Aryasamayajula)
245 _aThe central philosophy of the RĖĨgveda :
_cby A. Ramamurty.
_bthe concept of divine /
250 _a2nd rev. ed.
260 _aNew Delhi
_bD.K. Printworld
_c2012
270 _a'Srikunj', F-52, Bali Nagar, Ramesh Nagar Metro Station
_bNew Delhi
_e110015
300 _avii, 278 p.
_c23cm(Hb)
500 _aIncludes bibliographical references (p. [265]-266) and index.
630 _aVedas
_xPhilosophy.
_948306
650 _aHindu gods.
_947231
700 _947196
942 _2ddc
_cEN
_mRAM
_h220.21
999 _c66763
_d66763